World halal forum 2011(4-5 April 2011) : towards a Halal economy - the power of values in global markets : post-event report.
| Format: | Book |
|---|---|
| Published: |
[S.I]:
Kasehdia Sdn Bhd,
2011.
|
| Edition: | 6th World Halal Forum. |
| Subjects: |
| LEADER | 00515cam a2200133 7i4500 | ||
|---|---|---|---|
| 001 | 0000027128 | ||
| 005 | 20111207090000.0 | ||
| 090 | 0 | 0 | |a I 297.14 |b WOR |
| 245 | 0 | 0 | |a World halal forum 2011(4-5 April 2011) : |b towards a Halal economy - the power of values in global markets : post-event report. |
| 250 | 0 | 0 | |a 6th World Halal Forum. |
| 260 | 0 | 0 | |a [S.I]: |b Kasehdia Sdn Bhd, |c 2011. |
| 300 | # | # | |a 78p. |
| 650 | 0 | 0 | |a Halal food industry and trade -- |x Reports -- |z Malaysia |
| 999 | |a 0000029284 |b Book |c International |e Business Information Centre | ||